Statistics for Empires Of The Great War (WW1)

Click here to take the quiz!

General Stats

  • This quiz has been taken 1,529 times
  • The average score is 6 of 6

Answer Stats

Capital CityEmpire% Correct
TokyoJapanese Empire
99%
St. PetersburgRussian Empire
98%
LondonBritish Empire
97%
BerlinGerman Empire
96%
ConstantinopleOttoman Empire
94%
Vienna/BudapestAustro-Hungarian Empire
90%

Score Distribution

Percentile by Number Answered

Percent of People with Each Score

Your Score History

You have not taken this quiz